Повышение эффективности автономной фотоэлектрической системы, содержащей электронагревательное оборудование; Успехи современной науки и образования; Т. 5, № 12
| Parent link: | Успехи современной науки и образования.— , 2015- Т. 5, № 12.— 2016.— [С. 45-49] |
|---|---|
| Glavni autor: | |
| Autor kompanije: | |
| Daljnji autori: | |
| Sažetak: | Заглавие с экрана В статье рассмотрены вопросы улучшения технико-экономических характеристик системавтономного электроснабжения с фотоэлектростанициями. Разработаны рекомендации по снижению ёмкости аккумуляторных батарей за счёт аккумулирования части электроэнергии массива фотоэлектрических преобразователей в электротепловых нагрузках системы. The article examines questions of improvement of technical and economic characteristics of systemsof autonomous power supply with photo power plant. The recommendations about decrease of accumulator capacitancebatteries due to accumulation of a part of the electric power arrays of photovoltaic converters in electricalthermal loads of system are elaborated. Режим доступа: по договору с организацией-держателем ресурса |
| Jezik: | ruski |
| Izdano: |
2016
|
| Teme: | |
| Online pristup: | https://elibrary.ru/item.asp?id=27654166 |
| Format: | Elektronički Poglavlje knjige |
| KOHA link: | https://koha.lib.tpu.ru/cgi-bin/koha/opac-detail.pl?biblionumber=655507 |
MARC
| LEADER | 00000naa0a2200000 4500 | ||
|---|---|---|---|
| 001 | 655507 | ||
| 005 | 20250318142535.0 | ||
| 035 | |a (RuTPU)RU\TPU\network\21673 | ||
| 090 | |a 655507 | ||
| 100 | |a 20170907d2016 k||y0rusy50 ca | ||
| 101 | 0 | |a rus | |
| 102 | |a RU | ||
| 135 | |a drcn ---uucaa | ||
| 181 | 0 | |a i | |
| 182 | 0 | |a b | |
| 200 | 1 | |a Повышение эффективности автономной фотоэлектрической системы, содержащей электронагревательное оборудование |d Improving the efficiency of autonomous photovoltaic system comprising electric heating equipment |f Б. В. Лукутин, А. Оразбекова | |
| 203 | |a Текст |c электронный | ||
| 300 | |a Заглавие с экрана | ||
| 320 | |a [Библиогр.: с. 48-49 (9 назв.)] | ||
| 330 | |a В статье рассмотрены вопросы улучшения технико-экономических характеристик системавтономного электроснабжения с фотоэлектростанициями. Разработаны рекомендации по снижению ёмкости аккумуляторных батарей за счёт аккумулирования части электроэнергии массива фотоэлектрических преобразователей в электротепловых нагрузках системы. | ||
| 330 | |a The article examines questions of improvement of technical and economic characteristics of systemsof autonomous power supply with photo power plant. The recommendations about decrease of accumulator capacitancebatteries due to accumulation of a part of the electric power arrays of photovoltaic converters in electricalthermal loads of system are elaborated. | ||
| 333 | |a Режим доступа: по договору с организацией-держателем ресурса | ||
| 461 | |t Успехи современной науки и образования |d 2015- | ||
| 463 | |t Т. 5, № 12 |v [С. 45-49] |d 2016 | ||
| 510 | 1 | |a Improving the efficiency of autonomous photovoltaic system comprising electric heating equipment |z eng | |
| 610 | 1 | |a электронный ресурс | |
| 610 | 1 | |a труды учёных ТПУ | |
| 610 | 1 | |a автономные системы | |
| 610 | 1 | |a фотоэлектрические системы | |
| 610 | 1 | |a аккумулирование | |
| 610 | 1 | |a электроэнергия | |
| 700 | 1 | |a Лукутин |b Б. В. |c специалист в области электротехники |c профессор Томского политехнического университета, доктор технических наук |f 1948- |g Борис Владимирович |3 (RuTPU)RU\TPU\pers\21974 |9 9293 | |
| 701 | 1 | |a Оразбекова |b А. |c специалист в области электроэнергетики |c старший преподаватель |f 1981- |g Асем |3 (RuTPU)RU\TPU\pers\39318 | |
| 712 | 0 | 2 | |a Национальный исследовательский Томский политехнический университет (ТПУ) |b Энергетический институт (ЭНИН) |b Кафедра электроснабжения промышленных предприятий (ЭПП) |3 (RuTPU)RU\TPU\col\18676 |
| 801 | 2 | |a RU |b 63413507 |c 20170907 |g RCR | |
| 856 | 4 | |u https://elibrary.ru/item.asp?id=27654166 | |
| 942 | |c CF | ||